Normal view
MARC view
Entry Personal Name
001 - CONTROL NUMBER
- control field: 1237443
003 - CONTROL NUMBER IDENTIFIER
- control field: OSt
005 - DATE AND TIME OF LATEST TRANSACTION
- control field: 20260430150422.0
008 - FIXED-LENGTH DATA ELEMENTS
- fixed length control field: 260430|| aca||aabn | a|a d
040 ## - CATALOGING SOURCE
- Original cataloging agency: OSt
- Transcribing agency: OSt
100 ## - HEADING--PERSONAL NAME
- Personal name: Sharma Preeti Au.; Rakesh Kumar Gu
670 ## - SOURCE DATA FOUND
- Source citation: Work cat.: (OSt)1849733: Sharma Preeti Au.; Rakesh Kumar Gu., Critical Analysis of the Role Performance of Women Sarpanches in Education and health: A Study in Haryana, 2023
